| 000 | 00860cam a2200193K 4500 | ||
|---|---|---|---|
| 082 |
_a620.1 _bLOW _cL-5, P-8 |
||
| 100 | 1 |
_aLow, David Allan, _940637 |
|
| 245 | 1 | 0 |
_aApplied mechanics _bembracing strength and elasticity of materials, theory and design of structures, theory of machines and hydraulics; a text-book for engineering students, |
| 260 |
_aLondon, New York, _bLongmans, Green, _c1949. |
||
| 300 |
_a(vii, 551 p.) _billus., diagrs. |
||
| 500 | _a"The three chapters on the design of structures have been written and illustrated ... by Mr. E.H. Salmon."--Pref. | ||
| 526 |
_a0 _b0 _c0 _d620_100000000000000_LOW |
||
| 650 | 0 |
_aMechanics, Applied. _913090 |
|
| 650 | 6 |
_aMCE _9379 |
|
| 650 | 6 |
_aMécanique appliquée. _940672 |
|
| 700 | 1 |
_aSalmon, E. H. _940673 |
|
| 856 | 4 | 0 | _uhttp://catalog.hathitrust.org/api/volumes/oclc/3004788.html |
| 942 |
_2ddc _cBK |
||
| 999 |
_c544924 _d544924 |
||